宅建試験で出題される法律 - Statistics

General Stats
  • This quiz has been taken 31 times
  • The average score is 4 of 19
Answer Stats
科目 法律名 % Correct
権利関係 民法
75%
建築基準法
61%
宅建業法 宅地建物取引業法
46%
借地借家法
36%
法令上の制限 都市計画法
36%
不動産登記法
29%
農地法
21%
所得税法
21%
宅地造成及び特定盛土等規制法
11%
税その他 地方税法
11%
建物の区分所有等に関する法律
7%
国土利用計画法
7%
印紙税法
7%
景品表示法
7%
特定住宅瑕疵担保責任の履行の確保等に関する法律
4%
土地区画整理法
4%
登録免許税法
4%
独立行政法人住宅金融支援機構法
4%
地価公示法
0%
No matching quizzes found
Score Distribution
Percent of People with Each Score
Percentile by Number Answered
Your Score History
You have not taken this quiz